EEF Workshop on Sustainability of Ecosystems in Slovakia 1995

Bibliographic Details
Main Author: Eliáš, Pavol, 1949- (Author)
Format: Article
Language:Slovak
Subjects:

MARC

LEADER 00000nab a2200000 a 4500
001 vtls000585300
003 SK-MaSNL
005 20260303011430.0
008 140402c1996 xo 0 slo
015 |a SNBRB19rr/mm-uuuuu 
035 |a CL0585439 
040 |a SNKBUCL  |b slo  |c SNKBUCL  |e AACR2 
041 0 |a slo 
044 |a xo  |c SK 
080 |a 504.03:061.3  |2 1981 
100 1 |a Eliáš, Pavol,  |d 1949-  |4 aut  |9 36947 
245 1 0 |a EEF Workshop on Sustainability of Ecosystems in Slovakia 1995  |c P. Eliáš 
650 0 7 |a ekosystémy  |2 snkbucl  |9 3902 
655 7 |a články z novín a časopisov  |2 snkbucl  |9 267496 
773 0 |t Ekológia  |g Roč. 15, č. 1 (1996), s. 156-157 
850 |a Slovenská národná knižnica v Martine  |a MTA001 
852 |a SNK  |b KIS3GCP 
958 |a RK 
992 |a RBX 
999 |c 1592059  |d 1593989